[Event "Reykjavik op"]
[Site "Reykjavik"]
[Date "2024.03.18"]
[Round "6"]
[White "Wolterink, Jule"]
[Black "Thorisson, Benedikt"]
[Result "0-1"]
[WhiteElo "1720"]
[BlackElo "1992"]
[PlyCount "162"]
[EventDate "2024.03.15"]
[EventType "swiss"]
[EventRounds "9"]
[EventCountry "ISL"]
[SourceTitle "CB13_2024"]
[SourceDate "2024.03.27"]
[SourceVersion "1"]
[SourceVersionDate "2024.03.27"]
[SourceQuality "1"]

1. d4 Nf6 2. Nf3 g6 3. Bf4 Bg7 4. e3 0-0 5. Be2 c5 6. c4 cxd4 7. exd4 d5 8. Nc3 Nc6 9. 0-0 a6 10. Ne5 Be6 11. c5 Rc8 12. Re1 Ne4 13. Nxc6 Rxc6 14. Bf3 Nxc3 15. bxc3 b6 16. cxb6 Qxb6 17. Rb1 Qa7 18. Qb3 Rfc8 19. Bd2 Qd7 20. Rb2 h5 21. Qb7 R8c7 22. Qb8+ Kh7 23. h4 Qc8 24. Qxc8 Rxc8 25. Rb7 R8c7 26. Reb1 Rxb7 27. Rxb7 Bh6 28. Bxh6 Kxh6 29. Ra7 Kg7 30. Kf1 Rb6 31. Rxe7 Rb1+ 32. Ke2 Rb2+ 33. Ke3 Rxa2 34. Ra7 a5 35. Bd1 Kf6 36. Ra6 Ke7 37. Rc6 Kd7 38. Rc5 Kd6 39. Bb3 Ra3 40. Bc2 Ra2 41. Bb3 Ra1 42. Kd2 a4 43. Ra5 a3 44. g3 Kc6 45. Ra6+ Kb7 46. Ra5 Kb6 47. Ra8 Kc6 48. Ra6+ Kd7 49. Ra7+ Ke8 50. Ra8+ Ke7 51. Ra6 Kf8 52. Ra8+ Kg7 53. Ra6 Kh6 54. Ke2 Bg4+ 55. Kd2 Be6 56. Ke2 Bh3 57. Kd2 Bg2 58. Ra5 Kg7 59. Ra6 f6 60. Ra7+ Kf8 61. Ke2 g5 62. Ra5 Ke7 63. Bxd5 Bxd5 64. Rxd5 a2 65. Ra5 Kd6 66. hxg5 fxg5 67. Kf3 h4 68. Kg2 h3+ 69. Kh2 g4 70. c4 Kc6 71. d5+ Kb6 72. Ra8 Kc5 73. Ra5+ Kxc4 74. d6 Kb3 75. d7 Rd1 76. Ra7 Rxd7 77. Rxd7 a1Q 78. Rb7+ Kc4 79. Rc7+ Kd5 80. Rc2 Qd1 81. Ra2 Qf3 0-1

[Event "Reykjavik op"]
[Site "Reykjavik"]
[Date "2023.03.30"]
[Round "3"]
[White "Thorisson, Benedikt"]
[Black "Thorsteinsdottir, Hallgerdur"]
[Result "1-0"]
[WhiteElo "1725"]
[BlackElo "1978"]
[PlyCount "79"]
[EventDate "2023.03.29"]
[EventType "swiss"]
[EventRounds "9"]
[EventCountry "ISL"]
[SourceTitle "CBM 213 Extra"]
[Source "ChessBase"]
[SourceDate "2023.05.31"]
[SourceVersion "1"]
[SourceVersionDate "2023.05.31"]
[SourceQuality "1"]

1. e4 c5 2. Nf3 d6 3. d4 cxd4 4. Nxd4 Nf6 5. Nc3 a6 6. Be3 e5 7. Nb3 Be6 8. f3 h5 9. Qd2 Nbd7 10. 0-0-0 Qc7 11. Kb1 Rc8 12. g3 Be7 13. Qf2 0-0 14. h3 b5 15. g4 g6 16. Bg5 Rfe8 17. Rd2 Bc4 18. Qh4 Kg7 19. gxh5 Kh8 20. h6 Kh7 21. Nd1 d5 22. Bg2 d4 23. f4 Bb4 24. Rf2 d3 25. c3 Be7 26. Ne3 b4 27. Nxc4 Qxc4 28. Nd2 Qe6 29. c4 Ng8 30. f5 gxf5 31. exf5 Bxg5 32. fxe6 Bxh4 33. exd7 Rcd8 34. Rxf7+ Kg6 35. Bd5 Nf6 36. Rg1+ Kxh6 37. Nf3 Nxd5 38. Nxh4 Nb6 39. Nf5+ Kh5 40. Rfg7 1-0

[Event "Reykjavik Skakping op"]
[Site "Reykjavik"]
[Date "2023.01.11"]
[Round "2"]
[White "Thorisson, Benedikt"]
[Black "Mai, Alexander Oliver"]
[Result "0-1"]
[WhiteElo "1752"]
[BlackElo "2119"]
[PlyCount "66"]
[EventDate "2023.01.08"]
[EventType "swiss"]
[EventRounds "9"]
[EventCountry "ISL"]
[SourceTitle "EXT 2024"]
[Source "ChessBase"]
[SourceDate "2023.10.10"]
[SourceVersion "1"]
[SourceVersionDate "2023.10.10"]
[SourceQuality "1"]

1. e4 c5 2. Nf3 d6 3. d4 cxd4 4. Nxd4 Nf6 5. Nc3 Nc6 6. f3 e5 7. Nb3 Be7 8. Be3 0-0 9. Qd2 Be6 10. 0-0-0 a5 11. Nd5 a4 12. Na1 Bxd5 13. exd5 Nb8 14. c3 a3 15. b3 Qc7 16. Nc2 Nbd7 17. c4 Rfc8 18. Bd3 b5 19. Qf2 bxc4 20. Bxc4 Rcb8 21. Rhe1 Nb6 22. Bxb6 Rxb6 23. f4 Nd7 24. fxe5 Nxe5 25. Rxe5 dxe5 26. d6 Bxd6 27. Bxf7+ Kh8 28. Bc4 Rf8 29. Qd2 e4 30. g3 Bc5 31. Ne3 Qe5 32. Qe2 Qa1+ 33. Kd2 Bb4+ 0-1

[Event "Reykjavik Kvika op"]
[Site "Reykjavik"]
[Date "2022.04.10"]
[Round "7"]
[White "Thorisson, Benedikt"]
[Black "Briem, Stephan"]
[Result "0-1"]
[WhiteElo "1778"]
[BlackElo "2048"]
[PlyCount "114"]
[EventDate "2022.04.06"]
[EventType "swiss"]
[EventRounds "9"]
[EventCountry "ISL"]
[SourceTitle "CBM 207 Extra"]
[Source "ChessBase"]
[SourceDate "2022.05.31"]
[SourceVersion "1"]
[SourceVersionDate "2022.05.31"]
[SourceQuality "1"]

1. e4 e5 2. Nf3 Nf6 3. Nxe5 d6 4. Nf3 Nxe4 5. d4 d5 6. Bd3 Bd6 7. 0-0 0-0 8. c4 c6 9. Nc3 Nxc3 10. bxc3 dxc4 11. Bxc4 Bf5 12. Bg5 Qa5 13. Qd2 Nd7 14. Rfe1 Nb6 15. Bd3 Rae8 16. Qc2 Bxd3 17. Qxd3 Rxe1+ 18. Rxe1 Qxa2 19. Be7 Bxe7 20. Rxe7 Qa1+ 21. Re1 Qa5 22. Re5 Nd5 23. c4 Qa1+ 24. Re1 Qc3 25. Qxc3 Nxc3 26. Re7 Rb8 27. Kf1 Kf8 28. Re3 Na4 29. Ne5 Rc8 30. Rb3 Rc7 31. c5 b6 32. cxb6 axb6 33. Rb4 b5 34. d5 cxd5 35. Rxb5 Rc1+ 36. Ke2 Nc3+ 37. Kd2 Nxb5 38. Kxc1 Ke7 39. Kd2 Ke6 40. Nf3 f6 41. Kd3 g5 42. h3 h5 43. g4 h4 44. Ke3 Kd6 45. Ne1 Nc7 46. f4 Ne6 47. fxg5 fxg5 48. Nf3 Kc5 49. Kd2 Kc4 50. Ke2 Nd4+ 51. Nxd4 Kxd4 52. Kd2 Ke4 53. Ke2 Kf4 54. Kf2 d4 55. Ke2 Kg3 56. Kd3 Kxh3 57. Kxd4 Kxg4 0-1

[Event "Kragero op"]
[Site "Kragero"]
[Date "2022.02.26"]
[Round "7"]
[White "Haugen, Lars Tormod"]
[Black "Thorisson, Benedikt"]
[Result "1/2-1/2"]
[WhiteElo "1710"]
[BlackElo "1790"]
[PlyCount "39"]
[EventDate "2022.02.23"]
[EventType "swiss"]
[EventRounds "9"]
[EventCountry "NOR"]
[SourceTitle "EXT 2023"]
[Source "ChessBase"]
[SourceDate "2022.10.05"]
[SourceVersion "1"]
[SourceVersionDate "2022.10.05"]
[SourceQuality "1"]

1. c4 e5 2. Nc3 Nf6 3. Nf3 Nc6 4. a3 d5 5. cxd5 Nxd5 6. Qc2 Be6 7. e3 Bd6 8. Be2 f6 9. Nxd5 Bxd5 10. Bc4 Bxc4 11. Qxc4 Qd7 12. 0-0 0-0-0 13. d3 Rhe8 14. b4 Qe6 15. Bb2 e4 16. Qxe6+ Rxe6 17. dxe4 Rxe4 18. Rfd1 Re7 19. Kf1 Ne5 20. Nxe5 1/2-1/2

[Event "Kragero op"]
[Site "Kragero"]
[Date "2022.02.24"]
[Round "3"]
[White "Alvanjyan, Aida"]
[Black "Thorisson, Benedikt"]
[Result "0-1"]
[WhiteElo "1566"]
[BlackElo "1790"]
[PlyCount "72"]
[EventDate "2022.02.23"]
[EventType "swiss"]
[EventRounds "9"]
[EventCountry "NOR"]
[SourceTitle "EXT 2023"]
[Source "ChessBase"]
[SourceDate "2022.10.05"]
[SourceVersion "1"]
[SourceVersionDate "2022.10.05"]
[SourceQuality "1"]

1. e4 e6 2. d4 d5 3. Bd3 Nf6 4. e5 Nfd7 5. Ne2 c5 6. c3 Nc6 7. a3 a5 8. 0-0 Be7 9. f4 Qb6 10. Bc2 cxd4 11. cxd4 Nxd4 12. Be3 Nxe2+ 13. Qxe2 Bc5 14. Bxc5 Qxc5+ 15. Kh1 b6 16. Nc3 0-0 17. Rf3 Qe7 18. Rh3 g6 19. Qg4 Bb7 20. Re1 Rac8 21. f5 exf5 22. Bxf5 Rcd8 23. Qg3 Nc5 24. Rh6 Ne6 25. h4 Ng7 26. Bb1 Qd7 27. Rf1 d4 28. Ne4 Bxe4 29. Bxe4 d3 30. h5 d2 31. Bc2 Rc8 32. hxg6 Rxc2 33. Rxh7 d1Q 34. Rxd1 Qxd1+ 35. Kh2 Rc1 36. Qh4 Qh1+ 0-1

[Event "Kragero op"]
[Site "Kragero"]
[Date "2022.02.23"]
[Round "1"]
[White "Lie, Bjorn"]
[Black "Thorisson, Benedikt"]
[Result "1/2-1/2"]
[WhiteElo "1451"]
[BlackElo "1790"]
[PlyCount "76"]
[EventDate "2022.02.23"]
[EventType "swiss"]
[EventRounds "9"]
[EventCountry "NOR"]
[SourceTitle "EXT 2023"]
[Source "ChessBase"]
[SourceDate "2022.10.05"]
[SourceVersion "1"]
[SourceVersionDate "2022.10.05"]
[SourceQuality "1"]

1. d4 Nf6 2. c4 g6 3. Nc3 d5 4. cxd5 Nxd5 5. e4 Nxc3 6. bxc3 Bg7 7. Bc4 c5 8. Ne2 0-0 9. 0-0 Nc6 10. Be3 Bg4 11. f3 Bd7 12. Qd2 Qc7 13. Rac1 Rfd8 14. Rfd1 Rac8 15. a4 Na5 16. Ba2 Bxa4 17. Re1 Bb3 18. Qb2 c4 19. Ra1 b5 20. Nc1 Bxa2 21. Qxa2 Nc6 22. Ne2 Ra8 23. Qa6 Rdb8 24. d5 Ne5 25. Reb1 Nd3 26. Rxb5 Rxb5 27. Qxb5 Rb8 28. Qa6 Be5 29. g3 Rb2 30. Kf1 Qd7 31. Ng1 Bxc3 32. Qxc4 Qb5 33. Qxb5 Rxb5 34. Rxa7 Rb1+ 35. Kg2 Rb2+ 36. Kf1 Rb1+ 37. Kg2 Rb2+ 38. Kf1 Rb1+ 1/2-1/2

[Event "Nordic-ch U18"]
[Site "Torshavn"]
[Date "2021.09.10"]
[Round "1"]
[White "Vainikka, Toni"]
[Black "Thorisson, Benedikt"]
[Result "1-0"]
[WhiteElo "1937"]
[BlackElo "1636"]
[PlyCount "67"]
[EventDate "2021.09.10"]
[EventType "swiss"]
[EventRounds "6"]
[EventCountry "FAI"]
[SourceTitle "EXT 2023"]
[Source "ChessBase"]
[SourceDate "2022.10.05"]
[SourceVersion "1"]
[SourceVersionDate "2022.10.05"]
[SourceQuality "1"]

1. d4 Nf6 2. c4 g6 3. Nc3 d5 4. g3 Bg7 5. Bg2 c6 6. Nf3 0-0 7. 0-0 Na6 8. Ne5 Nc7 9. b3 Bf5 10. Bb2 dxc4 11. e4 Bc8 12. Nxc4 Ng4 13. Ne2 Be6 14. Qc2 f5 15. f3 Nf6 16. Rad1 Kh8 17. Nf4 Bd7 18. Ne5 Qe8 19. d5 fxe4 20. fxe4 Ng4 21. dxc6 Nxe5 22. cxd7 Qd8 23. Rd2 g5 24. Nh5 Rxf1+ 25. Kxf1 Bf6 26. Nxf6 exf6 27. Bh3 g4 28. Bxe5 fxe5 29. Bxg4 Kg7 30. Qc5 Qf8+ 31. Qxf8+ Rxf8+ 32. Kg2 Rd8 33. Rc2 h5 34. Bf5 1-0

[Event "EU-ch 21st"]
[Site "Reykjavik"]
[Date "2021.09.05"]
[Round "11"]
[White "Haraldsson, Haraldur"]
[Black "Thorisson, Benedikt"]
[Result "1/2-1/2"]
[WhiteElo "1918"]
[BlackElo "1624"]
[PlyCount "60"]
[EventDate "2021.08.26"]
[EventType "swiss"]
[EventRounds "11"]
[EventCountry "ISL"]
[SourceTitle "CBM 204"]
[Source "ChessBase"]
[SourceDate "2021.10.31"]
[SourceVersion "1"]
[SourceVersionDate "2021.10.31"]
[SourceQuality "1"]

1. d4 Nf6 2. c4 g6 3. g3 Bg7 4. Bg2 d5 5. Nf3 0-0 6. cxd5 Nxd5 7. 0-0 Nc6 8. Nc3 Bg4 9. h3 Bxf3 10. Bxf3 e6 11. e3 Qd7 12. Bd2 Rad8 13. Rc1 Ndb4 14. a3 Nd5 15. Bg2 Nxc3 16. Bxc3 Rfe8 17. Qb3 b6 18. Rfd1 Ne7 19. Rd2 Nd5 20. Rdc2 Nxc3 21. Qxc3 c5 22. Qe1 Qd6 23. dxc5 bxc5 24. Qa5 Qb6 25. Rxc5 Qxb2 26. Qxa7 Rd2 27. Rc8 Rf8 28. Qa8 Qxc1+ 29. Rxc1 Rxa8 30. Bxa8 Ra2 1/2-1/2

[Event "EU-ch 21st"]
[Site "Reykjavik"]
[Date "2021.08.31"]
[Round "6"]
[White "Thorisson, Benedikt"]
[Black "Hreinsson, Johann Helgi"]
[Result "1/2-1/2"]
[WhiteElo "1624"]
[BlackElo "1195"]
[PlyCount "118"]
[EventDate "2021.08.26"]
[EventType "swiss"]
[EventRounds "11"]
[EventCountry "ISL"]
[SourceTitle "CBM 204"]
[Source "ChessBase"]
[SourceDate "2021.10.31"]
[SourceVersion "1"]
[SourceVersionDate "2021.10.31"]
[SourceQuality "1"]

1. e4 e6 2. d4 d5 3. Nd2 c5 4. Ngf3 Nc6 5. exd5 exd5 6. dxc5 Bxc5 7. Nb3 Bb6 8. Bb5 Nge7 9. 0-0 0-0 10. Bg5 h6 11. Bh4 Be6 12. Re1 Re8 13. Nbd4 Nxd4 14. Nxd4 Bd7 15. Nf5 Bc5 16. Nxe7+ Bxe7 17. Bxe7 Rxe7 18. Qxd5 Rxe1+ 19. Rxe1 Bxb5 20. Qxb5 Rb8 21. h3 Qc7 22. Qe5 Qc8 23. Re3 Qd8 24. Rd3 Qc8 25. Rg3 g6 26. h4 Qe8 27. Qxe8+ Rxe8 28. Rc3 Kg7 29. Kf1 Re7 30. f3 Kf6 31. Kf2 g5 32. Rc4 Kg6 33. Rd4 Re6 34. c4 Rb6 35. b3 Ra6 36. a4 Rb6 37. Rd3 gxh4 38. c5 Ra6 39. Rd4 Kg5 40. Rg4+ Kh5 41. Rd4 Kg5 42. Rd7 Ra5 43. Rxb7 Rxc5 44. Rxa7 f5 45. a5 Kf4 46. a6 Rc2+ 47. Kg1 Kg3 48. Rg7+ Kf4 49. a7 Ra2 50. b4 h3 51. gxh3 Kxf3 52. h4 Ra1+ 53. Kh2 Ra2+ 54. Kh3 f4 55. b5 Ra1 56. Kh2 Ra2+ 57. Kg1 Ra1+ 58. Kh2 Ra2+ 59. Kh3 Ra1 1/2-1/2

[Event "EU-ch 21st"]
[Site "Reykjavik"]
[Date "2021.08.28"]
[Round "3"]
[White "Pozimski, Szymon"]
[Black "Thorisson, Benedikt"]
[Result "1-0"]
[WhiteElo "2019"]
[BlackElo "1624"]
[PlyCount "53"]
[EventDate "2021.08.26"]
[EventType "swiss"]
[EventRounds "11"]
[EventCountry "ISL"]
[SourceTitle "CBM 204"]
[Source "ChessBase"]
[SourceDate "2021.10.31"]
[SourceVersion "1"]
[SourceVersionDate "2021.10.31"]
[SourceQuality "1"]

1. Nf3 e6 2. d4 Nf6 3. g3 c5 4. Bg2 Nc6 5. 0-0 Be7 6. c4 0-0 7. d5 exd5 8. cxd5 Nb4 9. d6 Bxd6 10. a3 Qa5 11. Qxd6 Nc2 12. Ra2 Nb4 13. Bd2 Re8 14. Nd4 Qa6 15. Qxa6 Nxa6 16. Nc2 Rxe2 17. Ne3 d6 18. Bf3 Be6 19. Ra1 Rxe3 20. Bxe3 Nd5 21. Bd2 Nac7 22. Nc3 Nxc3 23. Bxc3 Nd5 24. Rad1 Nxc3 25. bxc3 Rd8 26. Bxb7 d5 27. Bxd5 1-0

[Event "ISL-chT1 1920"]
[Site "Reykjavik"]
[Date "2021.05.14"]
[Round "6.4"]
[White "Sigfusson, Sigurdur Dadi"]
[Black "Thorisson, Benedikt"]
[Result "1-0"]
[WhiteElo "2298"]
[BlackElo "1597"]
[PlyCount "59"]
[EventDate "2019.10.03"]
[EventType "team-tourn"]
[EventRounds "9"]
[EventCountry "ISL"]
[SourceTitle "EXT 2022"]
[Source "ChessBase"]
[SourceDate "2021.10.06"]
[SourceVersion "1"]
[SourceVersionDate "2021.10.06"]
[SourceQuality "1"]
[WhiteTeam "Skakfelagidj Huginn"]
[BlackTeam "Taflfelag Reykjavikur II"]
[WhiteTeamCountry "ISL"]
[BlackTeamCountry "ISL"]

1. e4 c5 2. Nf3 e6 3. d4 cxd4 4. Nxd4 a6 5. c4 Nf6 6. Nc3 Qc7 7. Bg5 Be7 8. Bd3 b6 9. Qe2 d6 10. f4 Nbd7 11. 0-0-0 Bb7 12. Rhe1 Nc5 13. Bc2 0-0 14. Kb1 h6 15. Bxf6 Bxf6 16. e5 dxe5 17. fxe5 Bg5 18. b4 Nd7 19. Qd3 g6 20. Nxe6 Qc6 21. Nxg5 hxg5 22. Qxd7 Qxg2 23. Nd5 Bxd5 24. Qxd5 Qxh2 25. e6 Kg7 26. e7 Rfe8 27. Rh1 Qc7 28. Rh7+ Kxh7 29. Qxf7+ Kh6 30. Qxg6# 1-0

[Event "EU-ch Amateur Online Final 1400/1700"]
[Site "Tornelo INT"]
[Date "2021.04.18"]
[Round "7"]
[White "Athanasiou, Soumela"]
[Black "Thorisson, Benedikt"]
[Result "1-0"]
[WhiteElo "1340"]
[BlackElo "1597"]
[PlyCount "61"]
[EventDate "2021.04.18"]
[EventType "swiss (rapid)"]
[EventRounds "9"]
[EventCountry "NET"]
[SourceTitle "EXT 2023"]
[Source "ChessBase"]
[SourceDate "2022.10.05"]
[SourceVersion "1"]
[SourceVersionDate "2022.10.05"]
[SourceQuality "1"]

1. c4 e5 2. g3 Nf6 3. Bg2 d5 4. cxd5 Nxd5 5. Nc3 Nb6 6. Nf3 Nc6 7. 0-0 Be6 8. d3 Be7 9. a3 Qd7 10. Re1 0-0 11. b4 f5 12. b5 Nd4 13. Nxe5 Qc8 14. Bd2 Bf6 15. Nf3 Bb3 16. Qb1 Bf7 17. Nxd4 Bxd4 18. Qb4 Bf6 19. Rab1 Rd8 20. Rec1 Rb8 21. Bf4 g5 22. Bd2 Qe6 23. Bf1 Bxc3 24. Qxc3 Nd5 25. Qb2 h6 26. Bc3 f4 27. Bh8 Qg6 28. Bg2 c6 29. Be4 fxg3 30. Bxg6 gxf2+ 31. Kxf2 1-0

[Event "EU-ch Amateur Online Final 1400/1700"]
[Site "Tornelo INT"]
[Date "2021.04.18"]
[Round "8"]
[White "Thorisson, Benedikt"]
[Black "Dallas, Nikolaos Alexandros"]
[Result "1-0"]
[WhiteElo "1597"]
[BlackElo "1255"]
[PlyCount "69"]
[EventDate "2021.04.18"]
[EventType "swiss (rapid)"]
[EventRounds "9"]
[EventCountry "NET"]
[SourceTitle "EXT 2023"]
[Source "ChessBase"]
[SourceDate "2022.10.05"]
[SourceVersion "1"]
[SourceVersionDate "2022.10.05"]
[SourceQuality "1"]

1. e4 Nc6 2. d4 e5 3. Nf3 exd4 4. Bc4 Nf6 5. e5 d5 6. Bb5 Ne4 7. Nxd4 Bd7 8. Bxc6 bxc6 9. 0-0 Bc5 10. Be3 0-0 11. Nd2 Nxd2 12. Qxd2 Bb6 13. a4 c5 14. Nb3 c4 15. Nc5 Bxc5 16. Bxc5 Re8 17. Qxd5 Bf5 18. Qxc4 Rxe5 19. Rfe1 Qf6 20. Rxe5 Qxe5 21. c3 Re8 22. h3 Be4 23. Re1 Qf5 24. Qe2 Qxc5 25. b4 Qf8 26. b5 Bc6 27. Qd2 Rxe1+ 28. Qxe1 Qe8 29. Qd2 Qd7 30. Qe3 Qd1+ 31. Kh2 Qd6+ 32. Kg1 Bb7 33. Qxa7 Qb6 34. Qb8+ Bc8 35. Qxc8# 1-0

[Event "ISL-ch Online Rapid"]
[Site "Tornelo INT"]
[Date "2020.12.26"]
[Round "3"]
[White "Runarsson, Gunnar Freyr"]
[Black "Thorisson, Benedikt"]
[Result "1-0"]
[WhiteElo "1946"]
[BlackElo "1642"]
[PlyCount "49"]
[EventDate "2020.12.26"]
[EventType "tourn (rapid)"]
[EventRounds "7"]
[EventCountry "ISL"]
[SourceTitle "CBM 199 Extra"]
[Source "ChessBase"]
[SourceDate "2021.01.31"]
[SourceVersion "1"]
[SourceVersionDate "2021.01.31"]
[SourceQuality "1"]

1. d4 Nf6 2. Nc3 g6 3. e4 d5 4. e5 Nh5 5. f4 Ng7 6. Nf3 Bf5 7. Bb5+ c6 8. Ba4 Ne6 9. 0-0 Bh6 10. Nh4 Ng7 11. g4 g5 12. fxg5 Bxg5 13. Bxg5 Be6 14. Nf5 Nxf5 15. gxf5 Rg8 16. Qh5 Bc8 17. e6 Rg7 18. Kh1 Qd6 19. Bf4 Qb4 20. Be5 Qxb2 21. Bxg7 Qxc3 22. exf7+ Kd8 23. f8Q+ Kc7 24. Be5+ Kb6 25. Qxc8 1-0

[Event "EU-ch Online U16"]
[Site "Tornelo INT"]
[Date "2020.09.19"]
[Round "6"]
[White "Piceu, Jarid"]
[Black "Thorisson, Benedikt"]
[Result "1-0"]
[WhiteElo "1919"]
[BlackElo "1253"]
[PlyCount "91"]
[EventDate "2020.09.18"]
[EventType "swiss (rapid)"]
[EventRounds "9"]
[EventCountry "NET"]
[SourceTitle "EXT 2023"]
[Source "ChessBase"]
[SourceDate "2022.10.05"]
[SourceVersion "1"]
[SourceVersionDate "2022.10.05"]
[SourceQuality "1"]
[WhiteTeam "Belgien"]
[BlackTeam "Island"]
[WhiteTeamCountry "BEL"]
[BlackTeamCountry "ISL"]

1. d4 Nf6 2. c4 e6 3. g3 d5 4. Nf3 b6 5. Bg2 Bb7 6. 0-0 Bd6 7. Nc3 0-0 8. Ne5 Nbd7 9. Bf4 Bxe5 10. dxe5 Ng4 11. cxd5 exd5 12. Nxd5 c6 13. Nb4 Ngxe5 14. Rc1 Rc8 15. Qd6 Qc7 16. Rfd1 Qxd6 17. Rxd6 Rfd8 18. Rcd1 Re8 19. Rxd7 Nxd7 20. Rxd7 Ba8 21. e3 a5 22. Nc2 Red8 23. Rxd8+ Rxd8 24. Nd4 c5 25. Bxa8 cxd4 26. Bf3 d3 27. Kf1 Rc8 28. Bd1 f6 29. e4 g5 30. Be3 Re8 31. Bxb6 Rb8 32. Bd4 Kf7 33. f3 g4 34. Ke1 gxf3 35. Bxf3 Rb4 36. Bc3 Ra4 37. a3 Rc4 38. Kd2 Rc5 39. Kxd3 f5 40. e5 Ke6 41. b4 axb4 42. axb4 Rc8 43. b5 Rf8 44. b6 Kd7 45. b7 Kc7 46. Bb4 1-0

[Event "Reykjavik ISL-ch op"]
[Site "Reykjavik"]
[Date "2020.08.28"]
[Round "7"]
[White "Heidarsson, Mikael Bjarki"]
[Black "Thorisson, Benedikt"]
[Result "1-0"]
[WhiteElo "1208"]
[BlackElo "1629"]
[PlyCount "111"]
[EventDate "2020.08.22"]
[EventType "swiss"]
[EventRounds "9"]
[EventCountry "ISL"]
[SourceTitle "CBM 198 Extra"]
[Source "ChessBase"]
[SourceDate "2020.11.30"]
[SourceVersion "1"]
[SourceVersionDate "2020.11.30"]
[SourceQuality "1"]

1. d4 Nf6 2. c4 e6 3. Nf3 b6 4. g3 Bb7 5. Bg2 Bb4+ 6. Bd2 Qe7 7. a3 Bxd2+ 8. Qxd2 Ne4 9. Qc2 f5 10. Nc3 0-0 11. Nxe4 fxe4 12. Nd2 d5 13. b4 Qf6 14. 0-0 Qxd4 15. cxd5 exd5 16. Qxc7 Ba6 17. Nb3 Qf6 18. Qc2 Nd7 19. Qd2 Ne5 20. Qxd5+ Kh8 21. b5 Rad8 22. Qxe4 Bxb5 23. f4 Nc4 24. Rfd1 Nd6 25. Qf3 Rfe8 26. e3 Ba4 27. Rab1 Qc3 28. e4 Nxe4 29. Rxd8 Rxd8 30. Qxe4 Bxb3 31. Qe7 Qd4+ 32. Kh1 Qd1+ 33. Rxd1 Rxd1+ 34. Bf1 Rxf1+ 35. Kg2 Ra1 36. Qxa7 Ra2+ 37. Kh3 Be6+ 38. g4 h5 39. Qa8+ Bg8 40. gxh5 Kh7 41. Qe4+ Kh8 42. a4 Ra3+ 43. Kg4 Bh7 44. Qe8+ Bg8 45. h4 Ra1 46. h6 Rg1+ 47. Kf5 Rg2 48. h7 g6+ 49. Kf6 Kxh7 50. Qe7+ Kh6 51. Qg7+ Kh5 52. Qxg8 Kxh4 53. Qh7+ Kg4 54. Qxg6+ Kf3 55. Qxg2+ Kxg2 56. Ke6 1-0

[Event "Reykjavik ISL-ch op"]
[Site "Reykjavik"]
[Date "2020.08.26"]
[Round "5"]
[White "Hardarson, Petur Palmi1111"]
[Black "Thorisson, Benedikt"]
[Result "1-0"]
[WhiteElo "2061"]
[BlackElo "1629"]
[PlyCount "69"]
[EventDate "2020.08.22"]
[EventType "swiss"]
[EventRounds "9"]
[EventCountry "ISL"]
[SourceTitle "CBM 198 Extra"]
[Source "ChessBase"]
[SourceDate "2020.11.30"]
[SourceVersion "1"]
[SourceVersionDate "2020.11.30"]
[SourceQuality "1"]

1. d4 Nf6 2. c4 e6 3. Nf3 b6 4. e3 Bb7 5. Bd3 Be7 6. 0-0 0-0 7. Nc3 d6 8. e4 Nbd7 9. b3 c5 10. d5 exd5 11. exd5 Ng4 12. Qc2 h6 13. h3 Nge5 14. Nxe5 Nxe5 15. Be2 Re8 16. f4 Nd7 17. Ne4 b5 18. Bb2 bxc4 19. bxc4 Rb8 20. Bc3 Bf6 21. Nxf6+ Nxf6 22. Bd3 Ba6 23. Rae1 Rxe1 24. Rxe1 Nh5 25. Qf2 Nf6 26. Qe2 Nd7 27. Qe4 g6 28. f5 Nf6 29. Qe3 Kh7 30. fxg6+ fxg6 31. Qe7+ Qxe7 32. Rxe7+ Kg8 33. Bxf6 Rb4 34. Bxg6 Rb8 35. Rh7 1-0

[Event "Nordic-ch U15"]
[Site "Fredericia"]
[Date "2020.02.14"]
[Round "2"]
[White "Thorisson, Benedikt"]
[Black "Apol, Luitjen Akselsson"]
[Result "0-1"]
[WhiteElo "1653"]
[BlackElo "2039"]
[PlyCount "54"]
[EventDate "2020.02.14"]
[EventType "swiss"]
[EventRounds "6"]
[EventCountry "DEN"]
[SourceTitle "EXT 2021"]
[Source "ChessBase"]
[SourceDate "2020.10.23"]
[SourceVersion "1"]
[SourceVersionDate "2020.10.23"]
[SourceQuality "1"]

1. e4 c5 2. Nf3 d6 3. d4 cxd4 4. Nxd4 Nf6 5. Nc3 a6 6. f3 e5 7. Nb3 Be6 8. Be3 Nbd7 9. Qd2 b5 10. 0-0-0 Nb6 11. Kb1 Be7 12. g4 b4 13. Bxb6 Qxb6 14. Nd5 Bxd5 15. exd5 0-0 16. h4 a5 17. h5 h6 18. g5 hxg5 19. Qxg5 Nxd5 20. Qg3 a4 21. Rg1 Bf6 22. Nd2 Nc3+ 23. bxc3 bxc3+ 24. Nb3 axb3 25. cxb3 Rxa2 26. Kxa2 Ra8+ 27. Kb1 Qxb3+ 0-1